| 000 | 01680nam a2200421 c 4500 | ||
|---|---|---|---|
| 001 | 1608 | ||
| 003 | ES-MaCES | ||
| 005 | 20250121040008.0 | ||
| 008 | 940629s1993 sp a ||| | spa d | ||
| 017 |
_aM-36075-1993 _bDL |
||
| 020 | _a8477990883 | ||
| 024 | 7 |
_a378-93-017-6 _2nipo |
|
| 035 | _aCES19980016164m | ||
| 040 |
_aES-MaCES _bspa _cES-MaCES |
||
| 100 | 1 |
_aGarcía Gracia, María Isabel _912916 |
|
| 245 | 1 | 3 |
_aEl sexismo en los libros de texto _b: análisis y propuesta de un sistema de indicadores _cMaribel García Gracia, Helena Troiano i Gomà, Miquel Zaldívar Sancho ; coordina, Marina Subirats |
| 260 |
_a[Madrid] _bMinisterio de Asuntos Sociales, Instituto de la Mujer _cD.L. 1993 |
||
| 300 |
_a367 p. _bil. bl. y n. _c24 cm |
||
| 490 | 1 |
_aEstudios _v37 |
|
| 500 | _aInvestigación realizada por el Instituto de Ciencias de la Educación de la Universidad Autónoma de Barcelona | ||
| 504 | _aBibliogr.: p. 307-310 | ||
| 541 | _cGratuito | ||
| 650 | 4 |
_alibro de texto _928994 |
|
| 650 | 4 |
_aciencias sociales _927256 |
|
| 650 | 4 |
_adiscriminación por razones de sexo _929521 |
|
| 650 | 4 |
_aEspaña _926964 |
|
| 653 | 1 | 0 | _aMujer |
| 650 | 4 |
_928843 _amétodo de investigación |
|
| 700 | 1 |
_aTroiano i Gomà, Helena _925196 |
|
| 700 | 1 |
_aZaldívar Sancho, Miquel _926494 |
|
| 700 | 1 |
_aSubirats Martoni, Marina _ecoord. _924551 |
|
| 710 | 2 |
_aInstituto de la Mujer (España) _eed. _94190 |
|
| 710 | 2 |
_aUniversidad Autónoma de Barcelona _bInstituto de Ciencias de la Educación _95193 |
|
| 830 | 0 |
_aEstudios (Instituto de la Mujer (España)) _v37 _932074 |
|
| 902 | _aLIB Libro | ||
| 942 |
_2CES _cBK _h3.3. |
||
| 999 |
_c1608 _d1608 |
||